| Tag |
First Indicator |
Second Indicator |
Subfields |
| LEADER |
00000cam a2200000 a 4500 |
| 001 |
in00005716626 |
| 005 |
20260319180134.7 |
| 006 |
m o d |
| 007 |
cr |n||||||||| |
| 008 |
120524s2012 ii a ob 001 0 eng d |
| 040 |
|
|
|a WYU
|b eng
|e pn
|c WYU
|d OCLCO
|d OCLCF
|d OCLCQ
|d YDXCP
|d VMC
|d VLB
|d STBDS
|d Z5A
|d FIE
|d BUF
|d U3W
|d AU@
|d YOU
|d TKN
|d AUD
|d OCLCA
|d OL$
|d OCLCQ
|d HS0
|d OCLCO
|d OCLCQ
|d OCLCO
|d OCLCL
|d OCLCQ
|d OCLCL
|d OCLCO
|
| 016 |
7 |
|
|a 015964042
|2 Uk
|
| 019 |
|
|
|a 812066971
|a 812452688
|a 1087371809
|
| 020 |
|
|
|a 0199081867
|q (electronic bk.)
|
| 020 |
|
|
|a 9780199081868
|q (electronic bk.)
|
| 020 |
|
|
|z 9780198076650
|
| 020 |
|
|
|z 0198076657
|
| 035 |
|
|
|a (OCoLC)1064024939
|z (OCoLC)812066971
|z (OCoLC)812452688
|z (OCoLC)1087371809
|
| 043 |
|
|
|a a-ii---
|
| 050 |
|
4 |
|a HG1235
|b .B62 2012
|
| 082 |
0 |
4 |
|a 338.954
|2 23
|
| 049 |
|
|
|a TXAM
|
| 100 |
1 |
|
|a Bhavani, T. A.
|
| 240 |
1 |
0 |
|a Financial Access in Post-reform India (Online)
|
| 245 |
1 |
0 |
|a Financial Access in Post-reform India /
|c T.A. Bhavani, N.R. Bhanumurthy.
|
| 260 |
|
|
|a New Delhi :
|b Oxford University Press,
|c 2012.
|
| 300 |
|
|
|a 1 online resource (xvi, 176 pages) :
|b illustrations
|
| 336 |
|
|
|a text
|b txt
|2 rdacontent
|
| 337 |
|
|
|a computer
|b c
|2 rdamedia
|
| 338 |
|
|
|a online resource
|b cr
|2 rdacarrier
|
| 504 |
|
|
|a Includes bibliographical references (pages 161-168) and index.
|
| 520 |
8 |
|
|a Using a macroeconomic growth approach, this text focuses on two important aspects of the Indian financial sector-development and access.
|
| 650 |
|
0 |
|a Finance
|z India.
|
| 650 |
|
0 |
|a Financial institutions
|z India.
|
| 650 |
|
0 |
|a Financial services industry
|z India.
|
| 650 |
|
6 |
|a Finances
|z Inde.
|
| 650 |
|
6 |
|a Institutions financières
|z Inde.
|
| 650 |
|
6 |
|a Services financiers
|z Inde.
|
| 650 |
|
7 |
|a Finance
|2 fast
|
| 650 |
|
7 |
|a Financial institutions
|2 fast
|
| 650 |
|
7 |
|a Financial services industry
|2 fast
|
| 651 |
|
7 |
|a India
|2 fast
|1 https://id.oclc.org/worldcat/entity/E39PBJmdx47cDXrRhBXHtbvPwC
|
| 650 |
|
7 |
|a Finance.
|2 hilcc
|
| 650 |
|
7 |
|a Business & Economics.
|2 hilcc
|
| 650 |
|
7 |
|a Money.
|2 hilcc
|
| 655 |
|
7 |
|a Electronic books.
|2 local
|
| 700 |
1 |
|
|a Bhanumurthy, N. R.
|
| 710 |
2 |
|
|a Oxford University Press.
|1 https://id.oclc.org/worldcat/entity/E39QH7JmqydQRq3jgM89g7d7gg
|
| 758 |
|
|
|i has work:
|a Financial access in post-reform India (Text)
|1 https://id.oclc.org/worldcat/entity/E39PCFwdHYxwDcjw7B73GFxfmb
|4 https://id.oclc.org/worldcat/ontology/hasWork
|
| 776 |
0 |
8 |
|i Print version:
|a Bhavani, T.A.
|t Financial Access in Post-reform India.
|d New Delhi : Oxford University Press, 2012
|z 9780198076650
|z 0198076657
|
| 856 |
4 |
0 |
|u http://proxy.library.tamu.edu/login?url=https://academic.oup.com/book/25773
|z Connect to the full text of this electronic book
|t 0
|
| 936 |
|
|
|a BATCHLOAD
|
| 955 |
|
|
|a Oxford Scholarship Online
|
| 994 |
|
|
|a 92
|b TXA
|
| 999 |
f |
f |
|i f7dcf72b-1ddb-4a91-80eb-b5d80d55778d
|s d9d0ca79-e656-4f91-a4db-21994260259b
|t 0
|
| 952 |
f |
f |
|a Texas A&M University
|b College Station
|c Electronic Resources
|s www_evans
|d Available Online
|t 0
|e HG1235 .B62 2012
|h Library of Congress classification
|
| 998 |
f |
f |
|a HG1235 .B62 2012
|t 0
|l Available Online
|